00866nac a22002291u 4500010001600000020001700016082002000033090001500053100003400068245009100102260004400193300003600237500002600273504005100299511002400350650002900374650002800403740004800431942002200479999001500501952012000516 a 84021218 a0816010498 :00a291.130321bMER c8518d8518 aMercatante, Anthony S. 14aThe Facts on File encyclopedia of world mythology and legend /cAnthony S. Mercatante. aNew York :bFacts on File,1988.cc1988. axviii, 807 p. :bill. ;c29 cm. aDistributer: Al-Ahram aIncludes bibliographical references and index. aCatalogued by: Sara 0aMythologyxDictionaries. 0aFolklorexDictionaries.0 aEncyclopedia of world mythology and legend. cNBk291.130321MER c8518d8518 00104070aMAINbMAINcLOWd2011-03-08ePurchasel1o291.130321MERp000010359r2025-07-15 00:00:00s2013-09-30yNB